MDQL
is popping MORE tags! Check the
thread
!
Quizzes
Events
Quiz Creation
Community
Videos
Private Events
Remove Ads
Sign In
Join for FREE
Feedback
Dark Mode
Quiz Categories
Sports
Geography
Music
Movies
Television
Just For Fun
Miscellaneous
History
Literature
Language
Science
Gaming
Entertainment
Religion
Holiday
For Kids
Quiz Lab
Recent
Popular Today
Quiz Kudos Today
Editor Picks
Curator Picks
Quizzes by...
Day
Popularity
Type
Ratings
Length
Year
Community
Subscriptions
Recent Discussions
Orange Saloon
Badges
Playlists
Quests
Create
Leaderboards
Showdown
Live 5
Trivia Bingo
Activity
Puzzle Library
Sporcle Events
Private Events
Virtual Trivia
Globe League
Become a Host
Pub Owners
SporcleCon
Opinionation
Our Games
Videos
Blog
Mobile Apps
Partnerships
Remove Ads and Go Orange
Feedback
Sports
Athletes
MLB
NBA
NHL
NFL
Soccer
Sports Teams
WWE
NCAA
Football
Premier League
Basketball
Baseball
Hockey
Golf
Tennis
Cricket
Rugby
Auto Racing
Olympics
World Cup
Sports
Athletes
MLB
NBA
NHL
NFL
Soccer
Sports Teams
WWE
NCAA
Football
Premier League
Basketball
Baseball
Hockey
Golf
Tennis
Cricket
Rugby
Auto Racing
Olympics
World Cup
Random Quiz
Search Sporcle
×
Quiz Lab
Quiz Lab
Sports
NHL
Type in answers that appear in a list
Type in answers that appear in a list
Classic
Best Score? Go Orange.
NHL Birthdays - March Stats
Can you name the NHL points leaders for players born on each day in March?
By
mullettron
10m
31 Questions
17 Plays
17 Plays
17 Plays
Comments
Comments
Give Quiz Kudos
Give Quiz Kudos
-
- Ratings
hide this ad
Replay
Link that replays current quiz
Next Quiz
Link to next quiz in quiz playlist
You Got
0%
They Got
Avg Score
27%
Avg Friend Score
Upgrade to see
Score Distribution
Jump to the score distribution portion of the page
Score
0/31
Timer
10:00
0
Plays Today
Birth Date
Player
% Correct
March 1, 1963
Ron Francis
94.1%
March 28, 1972
Keith Tkachuk
82.4%
March 31, 1928
Gordie Howe
70.6%
March 3, 1968
Brian Leetch
64.7%
March 2, 1978
Tomas Kaberle
58.8%
March 9, 1964
Phil Housley
58.8%
March 20, 1948
Bobby Orr
58.8%
March 22, 1940
Dave Keon
47.1%
March 8, 1961
Larry Murphy
41.2%
March 13, 1961
Barry Pederson
29.4%
March 15, 1993
Mark Scheifele
29.4%
March 17, 1951
Craig Ramsay
29.4%
March 26, 1974
Michael Peca
29.4%
March 5, 1918
Milt Schmidt
23.5%
March 30, 1964
Dave Ellett
23.5%
March 11, 1971
Martin Rucinsky
17.6%
Birth Date
Player
% Correct
March 16, 1962
Brian Mullen
17.6%
March 23, 1957
John Tonelli
17.6%
March 12, 1983
Mikko Koivu
11.8%
March 21, 1966
Al Iafrate
11.8%
March 10, 1961
Mike Bullard
5.9%
March 18, 1938
Bob Nevin
5.9%
March 25, 1949
Jean Potvin
5.9%
March 27, 1985
Dustin Byfuglien
5.9%
March 4, 1995
Valeri Nichushkin
0%
March 6, 1911
Buzz Boll
0%
March 7, 1997
Dylan Strome
0%
March 14, 1993
J.T. Miller
0%
March 19, 1986
Tyler Bozak
0%
March 24, 1955
Doug Jarvis
0%
March 29, 1959
Brad McCrimmon
0%
Quiz Playlist
Details
Report
Send in Message
Add To Playlist
Classic:
Type in answers that appear in a list
Quiz Source
Last Updated: Apr 15, 2023
Quiz Scoreboard
CHALLENGE
Sign Up to Join the Scoreboard
Show All
Scores
Hide
Comments
May contain spoilers
Recently Published
Colored Red Africa Blitz
by spor1
Geography
30s
Find the 'City' Movie
by crazypaving
Movies
60s
5x2 Blitz: Bands
by SL_Kpop136
Music
30s
More to Explore
Quiz From the Vault
Featured Blog Post
14 Easter Pick-up Lines to Find Eggs With
hide this ad
You Might Also Like...
Tags
NHL Quiz
birth
Birthday
Born
date
March
Player
point
team
total
Today's Top Quizzes in Sports
Browse Sports
hide this ad
Today's Top Quizzes in NHL
Browse NHL
Top Contributed Quizzes in Sports
1
Les entraîneurs de l'OM et du PSG au 21e siècle
2
Les meilleurs buteurs des matchs entre le PSG et l’OM
3
Players with Multiple 50 Home Run Seasons
4
2022 World Cup Stars
5
Les joueurs passés par le PSG et l'OM
6
NBA Logic Puzzle 2.0
7
Criteria MLB: Left Handed Sluggers
8
MLB Players with Two .350 Batting Average Seasons
9
Top 10 NHL Goal Scorers of All Time
10
Who Hit More Homers?
Explore More
Trending Topics
Anime
NBA
Kpop
Disney
Harry Potter
Crossword
Marvel
Country
Soccer
Puzzle
WWE
NFL
Pokémon
Song
The Office
hide this ad
More By:
mullettron
Quiz
Plays
Rating
Category
Featured
Created
2014-2015 NHL Daily Save Percentage Leaders
2,795
4.90
Sports
Apr 12, 2015
NHL All Star Game Appearances: 1990s
2,273
4.56
Sports
Aug 30, 2010
100+ NHL Playoff Games Without a Stanley Cup
1,692
4.38
Sports
Jul 25, 2012
Alliterative NHL Players
791
4.58
Sports
May 19, 2013
NHL All Star Game Appearances: 2000s
790
5.00
Sports
Sep 4, 2010
Go to Creator's Profile
Score Distribution
Quiz Creator Spotlight
mullettron
Follow
Send a Message
Quizzes Created
-
Created Quiz Play Count
-
More By This Creator
Popular Quizzes Today
1
Colored Red Africa Blitz
2
Find the 'City' Movie
3
5x2 Blitz: Bands
4
Find the US States - No Outlines Minefield
5
The Countries of the World
6
Find the US States
7
US States
8
Find the Countries of Europe - No Outlines Minefield
More Sports Quizzes
Scored in a Champions League semi (2005-2017)
Quiz Lab
Trending Quizzes
Colored Red Europe Blitz I
Colored Red Africa Blitz II
Colored Red Europe Blitz II
Colored Red Africa Blitz III
Colored Red Europe Blitz III
Recently Updated
How Do You Spell That?
pecheneg
Godzilla Movies
pecheneg
Grab Bag: 4-10 Letters
pecheneg
2024 March Madness Bracket
pecheneg
Famous TV Couples
Peacemaker
Champions League XIs: Real Madrid
pecheneg
Largest US Cities 1790-2010
pecheneg
Rides in Walt Disney World
pecheneg
Most Oscar Losses (Acting)
pecheneg
Beyoncé Albums
pecheneg
Trending Topics
Anime
NBA
Disney
Marvel
Harry Potter
Crossword
Kpop
Pokémon
Song
Soccer
NFL
Puzzle
WWE
Country
The Office
Your Account Isn't Verified!
In order to create a playlist on Sporcle, you need to verify the email address you used during registration. Go to your
Sporcle Settings
to finish the process.
Report this User
Report this user for behavior that violates our
Community Guidelines
.
Details:
Send Report
Go to the Sporcle.com Mobile Site →
Comments